Normal view
MARC view
- اللغة الفرنسية -- الأفعال -- معاجم -- اللغة الإنجليزية -- الأفعال -- معاجم -- اللغة الفرنسية -- معاجم -- اللغة الإنجليزية -- اللغة الإنجليزية -- معاجم -- اللغة الفرنسية
Entry Topical Term
001 - CONTROL NUMBER
- control field: 24632
003 - CONTROL NUMBER IDENTIFIER
- control field: JO-AjAnu
005 - DATE AND TIME OF LATEST TRANSACTION
- control field: 20230606074223.0
008 - FIXED-LENGTH DATA ELEMENTS
- fixed length control field: 230606|| aca||aabn | a|a d
040 ## - CATALOGING SOURCE
- Original cataloging agency: JO-AjAnu
- Transcribing agency: JO-AjAnu
150 ## - HEADING--TOPICAL TERM
- Topical term or geographic name entry element: اللغة الفرنسية -- الأفعال -- معاجم -- اللغة الإنجليزية -- الأفعال -- معاجم -- اللغة الفرنسية -- معاجم -- اللغة الإنجليزية -- اللغة الإنجليزية -- معاجم -- اللغة الفرنسية
670 ## - SOURCE DATA FOUND
- Source citation: Work cat.: (JO-AjAnu)12668: إعداد حسين رضوان محمد النجار, author 24631, معجم الأفعال : فرنسي - إنجليزي = Dictionary of the verbs french-english